00330 a2200109 4500001000700000020000600007040001100013100003800024240007700062245007200139362000900211165739 a  cMagnum aMartins, Francisco Menezes Et Al.10aPara navegar no seculo 21: tecnologias do imaginario e ciberculturalpor10aPara navegar no seculo 21: tecnologias do imaginario e cibercultura0 a1899